| 000 | 00377nam a22001577a 4500 | ||
|---|---|---|---|
| 003 | SGT | ||
| 020 | _a9789388902755 | ||
| 082 |
_a611 _bH19C |
||
| 100 | _aBd Chaurasia | ||
| 245 | _aBd Chaurasias Human Anatomy: Head & Neck | ||
| 250 | _a8TH | ||
| 260 |
_aNEW DELHI _bCbs Publishers & Distributors _c2019 |
||
| 300 | _a640 | ||
| 650 | _aHuman Anatomy | ||
| 942 |
_2ddc _cBK _0178 |
||
| 999 |
_c20905 _d20905 |
||